| 000 | 00510nam a22001817a 4500 | ||
|---|---|---|---|
| 008 | 230628b |||||||| |||| 00| 0 eng d | ||
| 020 | _a978-93-83963-59-1 | ||
| 040 |
_aNational Science Library _cNational Science Library |
||
| 080 |
_a9(540)SRI _bQ8,1 |
||
| 100 | _aSrivastava, Vivek | ||
| 245 | _aअदभुत भारत | ||
| 246 | _aAdbhut Bharat | ||
| 260 |
_aNew Delhi: _bPrashant Book Distributors, _c2018 |
||
| 300 | _a256p. | ||
| 650 | _aIndia | ||
| 653 | _aTravel | ||
| 942 |
_2udc _cHBK |
||
| 999 |
_c48015 _d48015 |
||